NBA Draft Top 3 Picks 1990-2025 - Statistics

General Stats
  • This quiz has been taken 4,709 times
    1,578 since last reset
  • The average score is 60 of 108
Answer Stats
YEAR PICK POS TEAM NATIONALITY PLAYER % Correct
2025 1 SF DAL USA Cooper Flagg
97%
2023 1 C SAS France Victor Wembanyama
96%
2020 1 SG MIN USA Anthony Edwards
92%
2018 3 PG DAL Slovenia Luka Dončić
92%
2021 1 PG DET USA Cade Cunningham
91%
2020 3 PG CHA USA LaMelo Ball
91%
2017 2 PG LAL USA Lonzo Ball
91%
2022 1 PF ORL Italy / USA Paolo Banchero
91%
2019 1 PF NOP USA Zion Williamson
91%
2019 2 PG MEM USA Ja Morant
90%
2017 3 PF BOS USA Jayson Tatum
89%
2016 1 PG PHI Australia Ben Simmons
88%
2022 2 C OKC USA Chet Holmgren
88%
2014 3 C PHI Cameroon Joel Embiid
88%
2015 1 C MIN Dominican Rep. Karl-Anthony Towns
88%
2018 1 C PHO Bahamas DeAndre Ayton
87%
2016 3 SG BOS USA Jaylen Brown
87%
2001 1 C WAS USA Kwame Brown
86%
2024 2 C WAS France Alexandre Sarr
83%
2012 1 PF NOP USA Anthony Davis
83%
2021 3 PF CLE USA Evan Mobley
83%
1999 3 PG CHA USA Baron Davis
82%
2023 2 SF CHA USA Brandon Miller
82%
2025 2 PG SAS USA Dylan Harper
82%
2021 2 SG HOU USA Jalen Green
82%
2011 1 PG CLE USA Kyrie Irving
82%
2003 1 SF CLE USA LeBron James
82%
2014 1 SF CLE Canada Andrew Wiggins
79%
2022 3 PF HOU USA Jabari Smith Jr.
79%
2017 1 PG PHI USA Markelle Fultz
79%
2024 1 SF ATL France Zaccharie Risacher
79%
2010 1 PG WAS USA John Wall
78%
1995 1 PF GSW USA Joe Smith
77%
2023 3 PG POR USA Scoot Henderson
77%
2025 3 SG PHI Bahamas VJ Edgecombe
77%
2008 1 PG CHI USA Derrick Rose
76%
2005 3 PG UTA USA Deron Williams
75%
2011 2 PF MIN USA Derrick Williams
75%
2002 2 PG CHI USA Jay Williams
75%
2005 2 PF ATL USA Marvin Williams
75%
2020 2 C GSW USA James Wiseman
74%
2007 2 SF SEA USA Kevin Durant
74%
2003 3 SF DEN USA Carmelo Anthony
73%
2002 1 C HOU China Yao Ming
73%
2013 1 PF CLE Canada Anthony Bennett
72%
2019 3 SG NYK Canada R.J. Barrett
72%
2009 1 PF LAC USA Blake Griffin
71%
2016 2 SF LAL USA Brandon Ingram
70%
2004 1 C ORL USA Dwight Howard
70%
2015 2 PG LAL USA D'Angelo Russell
69%
2012 3 SG WAS USA Bradley Beal
68%
1992 1 C ORL USA Shaquille O'Neal
66%
2007 1 C POR USA Greg Oden
65%
2018 2 PF SAC USA Marvin Bagley
65%
2024 3 SG HOU USA Reed Sheppard
65%
2009 3 SG OKC USA James Harden
64%
1997 1 PF SAS USA Tim Duncan
61%
1996 1 G PHI USA Allen Iverson
60%
1994 2 PG DAL USA Jason Kidd
60%
2005 1 C MIL Australia Andrew Bogut
58%
2001 3 PF ATL Spain Pau Gasol
57%
2006 1 C TOR Italy Andrea Bargnani
52%
2003 2 C DET Serbia Darko Miličić
51%
2004 2 C CHA USA Emeka Okafor
51%
2015 3 C PHI USA Jahlil Okafor
51%
2014 2 PF MIL USA Jabari Parker
49%
1991 1 PF CHA USA Larry Johnson
46%
2007 3 C ATL USA Al Horford
44%
1993 1 PF ORL USA Chris Webber
42%
2013 2 SG ORL USA Victor Oladipo
41%
2000 1 PF NJN USA Kenyon Martin
40%
1993 3 PG GSW USA Penny Hardaway
40%
1999 1 PF CHI USA Elton Brand
38%
1990 2 PG SEA USA Gary Payton
37%
1994 1 SF MIL USA Glenn Robinson
37%
2013 3 SF WAS USA Otto Porter
36%
1992 2 C CHA USA Alonzo Mourning
35%
2012 2 SF CHA USA Michael Kidd-Gilchrist
34%
1998 1 C LAC Nigeria Michael Olowokandi
32%
2011 3 C UTA Turkey Enes Kanter
31%
1994 3 SF DET USA Grant Hill
30%
2009 2 C MEM Tanzania Hasheem Thabeet
30%
2004 3 SG CHI Great Britain Ben Gordon
28%
2008 2 SF MIA USA Michael Beasley
28%
1990 3 PG DEN USA Chris Jackson
25%
2006 2 PF CHI USA LaMarcus Aldridge
22%
1997 3 PG BOS USA Chauncey Billups
21%
2010 2 SF PHI USA Evan Turner
21%
1996 3 F VAN USA Shareef Abdur-Rahim
20%
1990 1 PF NJN USA Derrick Coleman
19%
1996 2 C TOR USA Marcus Camby
19%
1998 2 PG VAN USA Mike Bibby
19%
2010 3 PF NJN USA Derrick Favors
17%
1999 2 PG VAN USA Steve Francis
16%
2001 2 C LAC USA Tyson Chandler
15%
2006 3 SF CHA USA Adam Morrison
14%
2008 3 SG MIN USA O.J. Mayo
14%
1992 3 PF MIN USA Christian Laettner
13%
1991 2 PG NJN USA Kenny Anderson
12%
1997 2 PF PHI USA Keith Van Horn
10%
1993 2 C PHI USA Shawn Bradley
10%
1995 3 SG PHI USA Jerry Stackhouse
9%
2000 2 PF VAN USA Stromile Swift
9%
1995 2 PF LAC USA Antonio McDyess
8%
2000 3 SF LAC USA Darius Miles
8%
2002 3 SG GSW USA Mike Dunleavy Jr.
7%
1998 3 C DEN USA Raef LaFrentz
4%
1991 3 SF SAC USA Billy Owens
2%
No matching quizzes found
Score Distribution
Percent of People with Each Score
Percentile by Number Answered
Your Score History
You have not taken this quiz since the last reset